000 00425nam a2200157 4500
001 124213
003 ES-MaACL
005 20230906192340.0
007 t|
008 070214s1944 sp r ||||1| spa d
100 1 _aRas, Aurelio.
_995476
245 1 0 _aReflexiones sobre el estilo /
_cAurelio Ras.
260 _aMadrid :
_bLibrería Beltrán,
_c1944.
300 _a170 p. ;
_c20 cm.
852 _aES-MaACL
_jF-16332
_bR.21094
999 _c124213
_d124213